000 00197nam a22000977a 4500
082 _a823
_bCHE/M
100 _aMANI K CHENTHAPOORU
245 _aMANIMUZHAKKAM
650 _aMALAYALAM STORY
942 _cBK
999 _c7701
_d7701